Statistiken für Alle Pokemon mit "T"

Klicken Sie hier um das Quiz zu spielen!

Allgemein

  • Dieses Quiz wurde 302 mal gespielt
    (159 seit der letzten Aktualisierung)
  • Das Durchschnittsergebnis liegt bei 22 aus 49

Antwortstatistiken

HintAntwort% Korrekt
Kanto (10)017Tauboga
96%
Kanto (10)018Tauboss
96%
Kanto (10)016Taubsi
96%
Kanto (10)009Turtok
89%
Kanto (10)072Tentacha
85%
Kanto (10)114Tangela
82%
Kanto (10)073Tentoxa
82%
Kanto (10)096Traumato
75%
Kanto (10)128Tauros
70%
Johto (7)157Tornupto
65%
Johto (7)175Togepi
63%
Johto (7)176Togetic
62%
Johto (7)159Tyracroc
62%
Sinnoh (5)465Tangoloss
61%
Kanto (10)104Tragosso
61%
Sinnoh (5)468Togekiss
59%
Johto (7)204Tannza
54%
Johto (7)200Traunfugil
54%
Sinnoh (5)429Traunmagil
52%
Hoenn (6)374Tanhel
51%
Alola (6)776Tortunator
48%
Hoenn (6)280Trasla
45%
Hoenn (6)275Tengulist
42%
Hoenn (6)319Tohaido
41%
Einall (6)635Trikephalo
41%
Sinnoh (5)482Tobutz
39%
Johto (7)216Teddiursa
37%
Einall (6)598Tentantel
35%
Kalos (3)691Tandrak
32%
Hoenn (6)331Tuska
32%
Alola (6)768Tectass
30%
Sinnoh (5)454Toxiquak
30%
Hoenn (6)357Tropius
27%
Alola (6)777Togedemaru
24%
Alola (6)733Tukanon
24%
Einall (6)590Tarnpignon
23%
Kalos (3)709Trombork
21%
Alola (6)732Trompeck
21%
Einall (6)639Terrakium
20%
Einall (6)507Terribark
18%
Kalos (3)689Thanathora
18%
Paldea (4)948Tentagra
17%
Paldea (4)949Tenterra
17%
Galar (2)848Toxel
17%
Paldea (4)917Tarundel
11%
Einall (6)543Toxiped
10%
Paldea (4)958Tafforgita
8%
Galar (2)850Thermopod
8%
Alola (6)772Typ:Null
8%

Verteilung der Resultate

Perzentil nach korrekt beantworteten Fragen

Anzahl Personen mit jedem Resultat

Ihre Resultats-Entwicklung

Sie haben dieses Quiz seit der letzten Aktualisierung nicht gespielt